Loading...
महाभोज /
| Main Author: | |
|---|---|
| Other Authors: | |
| Format: | Printed Book |
| Published: |
New Delhi:
Radhakrishna,
1983.
|
| Subjects: |
| LEADER | 00509cam a2200157ua 4500 | ||
|---|---|---|---|
| 020 | |a 81-7119-646-2 | ||
| 082 | |a H891.432 6 |b MAN/M | ||
| 100 | 0 | |a मन्नू भंडारी | |
| 245 | 0 | 0 | |a महाभोज / |
| 260 | |a New Delhi: |b Radhakrishna, |c 1983. | ||
| 300 | |a 111p.. | ||
| 650 | 0 | |a Mahabhoj |a Hindi Drama | |
| 700 | |a Mannu BHandari | ||
| 942 | |c BK | ||
| 999 | |c 5695 |d 5695 | ||
| 952 | |0 0 |1 0 |4 0 |6 H_891_432000000000000_6_MAN |7 0 |9 5984 |a KUCL |b KUCL |d 2014-05-23 |l 0 |o H891.432 6 MAN/ |p 10840 |r 2014-05-23 |w 2014-05-23 |y BK | ||